Top 5 Spotify Artists by Year - Statistics

General Stats
  • This quiz has been taken 53 times
    4 since last reset
  • The average score is 28 of 65
Answer Stats
Year Rank Artist % Correct
2 Taylor Swift
100%
2024 1 Taylor Swift
100%
2023 1 Taylor Swift
100%
2 Taylor Swift
100%
2 Taylor Swift
100%
5 Justin Bieber
75%
2 Justin Bieber
75%
4 Kendrick Lamar
75%
3 Ariana Grande
50%
5 Billie Eilish
50%
5 Billie Eilish
50%
2 Billie Eilish
50%
4 Drake
50%
4 Drake
50%
4 Drake
50%
3 Drake
50%
4 Drake
50%
2 Drake
50%
2018 1 Drake
50%
2 Drake
50%
2016 1 Drake
50%
2015 1 Drake
50%
4 Ed Sheeran
50%
5 Ed Sheeran
50%
2017 1 Ed Sheeran
50%
2 Ed Sheeran
50%
2014 1 Ed Sheeran
50%
2 Eminem
50%
4 Eminem
50%
5 Kanye West
50%
5 Katy Perry
50%
3 The Weeknd
50%
2 The Weeknd
50%
3 The Weeknd
50%
4 The Weeknd
50%
5 The Weeknd
50%
3 The Weeknd
50%
3 The Weeknd
50%
2025 1 Bad Bunny
25%
3 Bad Bunny
25%
2 Bad Bunny
25%
2022 1 Bad Bunny
25%
2021 1 Bad Bunny
25%
2020 1 Bad Bunny
25%
5 Bad Bunny
25%
5 BTS
25%
3 BTS
25%
3 Coldplay
25%
3 Daft Punk
25%
3 J Balvin
25%
4 J Balvin
25%
4 Juice Wrld
25%
5 Kayne West
25%
2013 1 Macklemore & Ryan Lewis
25%
4 Maroon 5
25%
2019 1 Post Malone
25%
2 Post Malone
25%
3 Rihanna
25%
3 XXX Tentacion
25%
2 Avicii
0%
4 Calvin Harris
0%
5 Imagine Dragons
0%
5 Peso Pluma
0%
5 The Chainsmokers
0%
4 Twenty One Pilots
0%
No matching quizzes found
Score Distribution
Percent of People with Each Score
Percentile by Number Answered
Your Score History
You have not taken this quiz since the last reset